[Event "EYCC 2024 - G16"]
[Site "?"]
[Date "2024.08.28"]
[Round "6.16"]
[White "Omeri, Eklea"]
[Black "Zapalowska, Wiktoria"]
[Result "1-0"]
[BlackElo "1733"]
[WhiteElo "1962"]
[LiveChessVersion "1.4.8"]

1. d4 {[%clk 1:30:57]} d5 {[%clk 1:30:48]} 2. Nf3 {[%clk 1:31:22]} Nf6
{[%clk 1:30:54]} 3. Bf4 {[%clk 1:31:47]} e6 {[%clk 1:31:06]} 4. e3
{[%clk 1:31:17]} c5 {[%clk 1:30:42]} 5. c3 {[%clk 1:31:38]} Bd6 {[%clk 1:29:46]}
6. Bxd6 {[%clk 1:31:07]} Qxd6 {[%clk 1:30:08]} 7. Bd3 {[%clk 1:31:03]} Nc6
{[%clk 1:27:21]} 8. O-O {[%clk 1:30:38]} O-O {[%clk 1:26:49]} 9. Nbd2
{[%clk 1:30:43]} c4 {[%clk 1:22:06]} 10. Bc2 {[%clk 1:30:54]} b5 {[%clk 1:21:55]}
11. e4 {[%clk 1:29:57]} dxe4 {[%clk 1:19:13]} 12. Nxe4 {[%clk 1:30:11]} Nxe4
{[%clk 1:19:33]} 13. Bxe4 {[%clk 1:30:36]} Rb8 {[%clk 1:17:30]} 14. Qc2
{[%clk 1:27:50]} g6 {[%clk 1:15:03]} 15. Bxc6 {[%clk 1:27:17]} Qxc6
{[%clk 1:15:31]} 16. Ne5 {[%clk 1:27:34]} Qd5 {[%clk 1:13:18]} 17. f4
{[%clk 1:26:26]} Bd7 {[%clk 1:11:51]} 18. Rae1 {[%clk 1:24:00]} a5
{[%clk 1:08:08]} 19. Re3 {[%clk 1:14:21]} Kg7 {[%clk 1:00:33]} 20. Rg3
{[%clk 1:11:58]} Rg8 {[%clk 0:58:47]} 21. h4 {[%clk 1:07:52]} Kf8
{[%clk 0:55:52]} 22. h5 {[%clk 1:06:55]} b4 {[%clk 0:51:36]} 23. Rg5
{[%clk 1:00:32]} f5 {[%clk 0:44:12]} 24. hxg6 {[%clk 1:00:32]} hxg6
{[%clk 0:44:33]} 25. Nxg6+ {[%clk 1:00:33]} Kf7 {[%clk 0:42:23]} 26. Ne5+
{[%clk 1:00:50]} Kf6 {[%clk 0:41:55]} 27. Qf2 {[%clk 1:00:21]} Rxg5
{[%clk 0:39:40]} 28. fxg5+ {[%clk 1:00:41]} Ke7 {[%clk 0:38:18]} 29. Qh4
{[%clk 0:59:43]} Kd8 {[%clk 0:30:45]} 30. g6+ {[%clk 0:59:09]} Kc7
{[%clk 0:30:32]} 31. g7 {[%clk 0:58:36]} Bc6 {[%clk 0:27:42]} 32. Nxc6
{[%clk 0:57:48]} Kxc6 {[%clk 0:26:43]} 33. Re1 {[%clk 0:56:34]} Qd7
{[%clk 0:23:06]} 34. Qf6 {[%clk 0:56:24]} Re8 {[%clk 0:21:03]} 35. Qf8
{[%clk 0:55:43]} Qc8 {[%clk 0:20:47]} 36. Qc5+ {[%clk 0:52:41]} Kd7
{[%clk 0:19:46]} 37. Qb5+ {[%clk 0:52:44]} Ke7 {[%clk 0:18:00]} 38. Qxf5
{[%clk 0:52:22]} Rg8 {[%clk 0:16:18]} 39. Qg5+ {[%clk 0:52:38]} Kd7
{[%clk 0:16:04]} 40. Rf1 {[%clk 0:50:26]} Qe8 {[%clk 0:13:52]} 41. cxb4
{[%clk 0:49:46]} axb4 {[%clk 0:12:40]} 42. Qb5+ {[%clk 0:49:57]} Kd8
{[%clk 0:11:56]} 43. Qb8+ {[%clk 0:50:12]} Kd7 {[%clk 0:11:14]} 44. Qb7+
{[%clk 0:50:28]} 1-0